[Event "Hessen-ch Seniors op 12th"]
[Site "Bad Sooden-Allendorf"]
[Date "2016.05.08"]
[Round "9"]
[White "Causevic, Ismet"]
[Black "Mentink, Toon"]
[Result "0-1"]
[WhiteElo "1977"]
[BlackElo "1841"]
[PlyCount "50"]
[EventDate "2016.04.30"]
[EventType "swiss"]
[EventRounds "9"]
[EventCountry "GER"]
[SourceTitle "EXT 2019"]
[Source "ChessBase"]
[SourceDate "2018.10.10"]
[SourceVersion "1"]
[SourceVersionDate "2018.10.10"]
[SourceQuality "1"]

1. Nf3 c5 2. g3 Nc6 3. b3 e5 4. d3 d5 5. Bb2 f6 6. Bg2 Be6 7. 0-0 Qd7 8. Re1 Bd6 9. Nbd2 h5 10. c4 Nge7 11. cxd5 Bxd5 12. Nc4 Bc7 13. Ba3 b5 14. Ne3 b4 15. Nxd5 Nxd5 16. Bb2 g5 17. h4 Rg8 18. e3 gxh4 19. Nxh4 0-0-0 20. Kh2 Kb8 21. a3 Rg4 22. e4 Nf4 23. f3 Rxh4+ 24. gxh4 Rg8 25. Rg1 Rxg2+ 0-1

[Event "Hessen-ch Seniors op 12th"]
[Site "Bad Sooden-Allendorf"]
[Date "2016.05.04"]
[Round "5"]
[White "Causevic, Ismet"]
[Black "Fritsch, Juergen"]
[Result "1-0"]
[WhiteElo "1977"]
[BlackElo "1850"]
[PlyCount "93"]
[EventDate "2016.04.30"]
[EventType "swiss"]
[EventRounds "9"]
[EventCountry "GER"]
[SourceTitle "EXT 2019"]
[Source "ChessBase"]
[SourceDate "2018.10.10"]
[SourceVersion "1"]
[SourceVersionDate "2018.10.10"]
[SourceQuality "1"]

1. d4 d5 2. c4 e6 3. Nf3 Nf6 4. Nc3 a6 5. c5 Nc6 6. a4 g6 7. e3 Bg7 8. Rb1 0-0 9. b4 Ne7 10. Bd3 a5 11. b5 c6 12. 0-0 Nd7 13. Bb2 e5 14. Be2 e4 15. Ne1 Nf5 16. Bc1 Nh6 17. Ba3 Qg5 18. f4 Qe7 19. Qc1 Nf6 20. h3 Be6 21. Nc2 Nd7 22. Qe1 f5 23. Qf2 Bf6 24. Kh2 g5 25. fxg5 Bxg5 26. g3 Kh8 27. bxc6 bxc6 28. Rb7 Rab8 29. Rfb1 Rxb7 30. Rxb7 Rb8 31. Rxb8+ Nxb8 32. Bc1 Qb7 33. Bd2 Bd8 34. Bd1 Na6 35. Qf4 Nf7 36. h4 Bc7 37. Qf2 Nh6 38. Kg2 Nb4 39. Nxb4 axb4 40. Nb1 Qb8 41. Be1 Kg7 42. Qb2 Bc8 43. Qxb4 Ba6 44. Qxb8 Bxb8 45. Ba5 Nf7 46. Bb6 Kg6 47. Nc3 1-0

[Event "GER-chA Seniors 27th"]
[Site "Magdeburg"]
[Date "2015.08.16"]
[Round "2"]
[White "Clemens, Christian"]
[Black "Causevic, Ismet"]
[Result "1-0"]
[WhiteElo "2240"]
[BlackElo "1966"]
[PlyCount "81"]
[EventDate "2015.08.15"]
[EventType "swiss"]
[EventRounds "9"]
[EventCountry "GER"]
[SourceTitle "EXT 2018"]
[Source "ChessBase"]
[SourceDate "2017.10.13"]
[SourceVersion "1"]
[SourceVersionDate "2017.10.13"]
[SourceQuality "1"]

1. g3 g6 2. Bg2 Bg7 3. c4 c5 4. Nc3 Nc6 5. e3 a6 6. Nge2 e6 7. d4 cxd4 8. exd4 Nge7 9. d5 Ne5 10. b3 d6 11. 0-0 0-0 12. Bb2 Qb6 13. Na4 Qc7 14. Rc1 exd5 15. cxd5 Qd8 16. Bd4 b5 17. Nb6 Rb8 18. Nxc8 Rxc8 19. Rxc8 Qxc8 20. f4 Ng4 21. Bxg7 Kxg7 22. h3 Qc5+ 23. Qd4+ Qxd4+ 24. Nxd4 Ne3 25. Rc1 Nxg2 26. Kxg2 Nxd5 27. Rc6 Ra8 28. Rxd6 Nf6 29. Kf3 Ra7 30. g4 Ne8 31. Rd8 Kf8 32. Ke4 Re7+ 33. Kf3 Kg7 34. Ra8 Rd7 35. Ne2 Nc7 36. Rc8 Ne6 37. Ke3 Rd6 38. f5 gxf5 39. gxf5 Nd8 40. Ng3 Nb7 41. f6+ 1-0

[Event "Hessen-ch Seniors op 11th"]
[Site "Bad Sooden-Allendorf"]
[Date "2015.05.17"]
[Round "9"]
[White "Strenzke, Guenter"]
[Black "Causevic, Ismet"]
[Result "0-1"]
[WhiteElo "2018"]
[BlackElo "1946"]
[PlyCount "118"]
[EventDate "2015.05.09"]
[EventType "swiss"]
[EventRounds "9"]
[EventCountry "GER"]
[SourceTitle "EXT 2018"]
[Source "ChessBase"]
[SourceDate "2017.10.13"]
[SourceVersion "1"]
[SourceVersionDate "2017.10.13"]
[SourceQuality "1"]

1. d4 d5 2. Nf3 Nf6 3. e3 e6 4. Bd3 Nbd7 5. 0-0 c6 6. Nbd2 Bd6 7. Re1 0-0 8. e4 dxe4 9. Nxe4 Nxe4 10. Bxe4 Nf6 11. Bg5 Be7 12. Qd3 h6 13. Bxf6 Bxf6 14. Rad1 Re8 15. Qe3 Qc7 16. c3 b6 17. Bc2 Bb7 18. Qe4 g6 19. Qg4 Rad8 20. Re3 Kg7 21. Rde1 h5 22. Qh3 Qf4 23. Re4 Qh6 24. R4e3 c5 25. dxc5 bxc5 26. Be4 Bd5 27. Qg3 Bxe4 28. Rxe4 Rb8 29. R4e2 Rb7 30. Qd6 Reb8 31. Qxc5 Rxb2 32. Rxb2 Rxb2 33. Qa3 Rc2 34. Qxa7 Bxc3 35. Rf1 Qf4 36. Qa3 Qc4 37. Qe7 Bf6 38. Qb7 Rxa2 39. g3 Qe2 40. Kg2 e5 41. Ng1 Qc2 42. Qf3 e4 43. Qe3 Qc4 44. Rd1 Qc2 45. Re1 Bg5 46. Qd4+ Bf6 47. Qe3 Bc3 48. Re2 Bd2 49. Qd4+ Kg8 50. Rxe4 Qc6 51. Nf3 Ba5 52. Ne5 Qf6 53. Rf4 Bb6 54. Qd5 Rxf2+ 55. Rxf2 Qxf2+ 56. Kh3 Qf1+ 57. Kh4 Qf5 58. Qa8+ Kg7 59. Qb8 Bd4 0-1

[Event "Hessen-ch Seniors op 11th"]
[Site "Bad Sooden-Allendorf"]
[Date "2015.05.11"]
[Round "3"]
[White "Hoffmann, Erich"]
[Black "Causevic, Ismet"]
[Result "0-1"]
[WhiteElo "1870"]
[BlackElo "1946"]
[PlyCount "92"]
[EventDate "2015.05.09"]
[EventType "swiss"]
[EventRounds "9"]
[EventCountry "GER"]
[SourceTitle "EXT 2018"]
[Source "ChessBase"]
[SourceDate "2017.10.13"]
[SourceVersion "1"]
[SourceVersionDate "2017.10.13"]
[SourceQuality "1"]

1. e4 c5 2. d4 cxd4 3. c3 d3 4. Bxd3 e6 5. Nf3 a6 6. Nbd2 d6 7. Nc4 Nc6 8. Be3 Nf6 9. Nb6 Rb8 10. Nxc8 Rxc8 11. h3 Be7 12. 0-0 0-0 13. Bg5 h6 14. Bh4 Qc7 15. Bg3 Rfd8 16. Re1 Qb6 17. Qe2 e5 18. Kh1 Nh5 19. Bh2 Nf6 20. Nd2 Qxb2 21. Rab1 Qxc3 22. Rxb7 a5 23. Rb3 Qc5 24. Rb5 Qa7 25. Nf3 Nd7 26. a4 Nc5 27. Bc4 Bf8 28. Qd1 Rb8 29. Rxb8 Rxb8 30. Bb5 Qc7 31. Qd5 Na7 32. Qc4 Rb6 33. Nd2 Qb7 34. Rb1 Nc6 35. f4 Nd4 36. fxe5 dxe5 37. Bxe5 Nxb5 38. axb5 Re6 39. Bc3 Nxe4 40. Nxe4 Rxe4 41. Qa2 a4 42. Rf1 Re3 43. Bd4 Rxh3+ 44. Kg1 Rh4 45. Qxa4 Qd5 46. Rd1 Rxd4 0-1

[Event "Hessen-ch Seniors op 10th"]
[Site "Bad Sooden-Allendorf"]
[Date "2014.05.02"]
[Round "7"]
[White "Causevic, Ismet"]
[Black "Reichel, Rolf"]
[Result "1-0"]
[WhiteElo "1959"]
[BlackElo "1776"]
[PlyCount "114"]
[EventDate "2014.04.26"]
[EventType "swiss"]
[EventRounds "9"]
[EventCountry "GER"]
[SourceTitle "EXT 2018"]
[Source "ChessBase"]
[SourceDate "2017.10.13"]
[SourceVersion "1"]
[SourceVersionDate "2017.10.13"]
[SourceQuality "1"]

1. c4 d5 2. cxd5 Qxd5 3. Nc3 Qa5 4. g3 Nf6 5. Bg2 c6 6. Nf3 Bg4 7. 0-0 Nbd7 8. d3 e6 9. Bd2 Qc7 10. Rc1 Be7 11. a3 a6 12. Bf4 Bd6 13. Be3 0-0 14. Nd4 Qd8 15. f3 Bh5 16. Bf2 Rc8 17. e4 c5 18. Nc2 b5 19. Ne2 e5 20. Ne3 Nb6 21. b3 Re8 22. Nf5 Bf8 23. Qd2 Nfd7 24. Rfd1 Re6 25. Ne3 f6 26. f4 Bf7 27. Bh3 Rec6 28. Qb2 R8c7 29. Bg2 g6 30. h3 Qe7 31. Kh2 c4 32. Nd5 Nxd5 33. exd5 Rd6 34. dxc4 bxc4 35. bxc4 Nc5 36. Qb4 a5 37. Qxa5 Nb3 38. Qc3 Nxc1 39. Qxc1 Ra6 40. c5 Qd7 41. fxe5 fxe5 42. Qc3 Qf5 43. Kg1 Rf6 44. Be3 Qc8 45. Rc1 Ra6 46. Qxe5 Rxa3 47. Bf2 Bxc5 48. Rxc5 Rxc5 49. Bd4 Kf8 50. Qg7+ Ke8 51. Qe5+ Kf8 52. Qd6+ Kg8 53. Bxc5 Ra6 54. Qe7 Ra2 55. Bd4 Rd2 56. Qe5 Rxd4 57. Qxd4 Qe8 1-0

[Event "Hessen-ch Seniors op 10th"]
[Site "Bad Sooden-Allendorf"]
[Date "2014.05.01"]
[Round "6"]
[White "Causevic, Ismet"]
[Black "Gabriel, Josef"]
[Result "0-1"]
[WhiteElo "1959"]
[BlackElo "2072"]
[PlyCount "76"]
[EventDate "2014.04.26"]
[EventType "swiss"]
[EventRounds "9"]
[EventCountry "GER"]
[SourceTitle "EXT 2018"]
[Source "ChessBase"]
[SourceDate "2017.10.13"]
[SourceVersion "1"]
[SourceVersionDate "2017.10.13"]
[SourceQuality "1"]

1. c4 e5 2. g3 Nf6 3. d3 Bb4+ 4. Bd2 Be7 5. Bg2 0-0 6. Nf3 d6 7. 0-0 a5 8. Nc3 c6 9. Rc1 Nbd7 10. a3 Re8 11. Re1 h6 12. e4 Nc5 13. Qc2 a4 14. Be3 Nfd7 15. Rcd1 Qa5 16. d4 Ne6 17. h3 Bf8 18. Kh2 Nf6 19. Kg1 Nc7 20. d5 c5 21. Bd2 Qa6 22. Kh2 Bd7 23. Bf1 Reb8 24. Bd3 b5 25. cxb5 Nxb5 26. Bxb5 Bxb5 27. Nxb5 Qxb5 28. Bc3 Qd7 29. Kg2 Be7 30. Qd2 Nh7 31. Qd3 Rf8 32. Nh2 f5 33. f3 Ng5 34. exf5 Rxf5 35. g4 Rf7 36. Nf1 Nxf3 37. Re3 Nh4+ 38. Kg1 Bg5 0-1

[Event "Hessen-ch Seniors op 10th"]
[Site "Bad Sooden-Allendorf"]
[Date "2014.04.26"]
[Round "1"]
[White "Nols, Uwe"]
[Black "Causevic, Ismet"]
[Result "0-1"]
[WhiteElo "1544"]
[BlackElo "1959"]
[PlyCount "43"]
[EventDate "2014.04.26"]
[EventType "swiss"]
[EventRounds "9"]
[EventCountry "GER"]
[SourceTitle "EXT 2018"]
[Source "ChessBase"]
[SourceDate "2017.10.13"]
[SourceVersion "1"]
[SourceVersionDate "2017.10.13"]
[SourceQuality "1"]

1. e4 c5 2. Nc3 e6 3. Bc4 Nc6 4. Nf3 g6 5. 0-0 Bg7 6. a3 Nge7 7. d3 0-0 8. Be3 b6 9. Qd2 d5 10. exd5 exd5 11. Bh6 dxc4 12. Bxg7 Kxg7 13. Ne4 Bg4 14. Qc3+ f6 15. Nfg5 Nd5 16. Qxc4 fxg5 17. h3 Be6 18. Qa4 Rc8 19. c4 Nf4 20. Ng3 Qc7 21. Rae1 Nd4 22. Ne4 0-1

[Event "Bayern-ch Seniors 24nd"]
[Site "Bergen"]
[Date "2012.06.22"]
[Round "7"]
[White "Causevic, Ismet"]
[Black "Reichwald, Klaus Dieter"]
[Result "0-1"]
[WhiteElo "1825"]
[BlackElo "1738"]
[PlyCount "64"]
[EventDate "2012.06.16"]
[EventType "swiss"]
[EventRounds "9"]
[EventCountry "GER"]
[SourceTitle "EXT 2015"]
[Source "ChessBase"]
[SourceDate "2014.11.20"]
[SourceVersion "1"]
[SourceVersionDate "2014.11.20"]
[SourceQuality "1"]

1. Nf3 d5 2. d4 Bf5 3. g3 Nf6 4. Bg2 e6 5. 0-0 Nbd7 6. b3 Be7 7. Bb2 h6 8. Nbd2 0-0 9. Rc1 c6 10. c4 Bd6 11. c5 Bc7 12. Nh4 Bh7 13. f4 Ng4 14. Rc3 Ba5 15. Rcf3 Be4 16. b4 Bxf3 17. Rxf3 Bc7 18. e4 dxe4 19. Nxe4 Ngf6 20. Nxf6+ Nxf6 21. Rf1 Nd5 22. Qd2 Qd7 23. f5 exf5 24. Nxf5 Rae8 25. Bh3 Qe6 26. Bc1 Qg6 27. Qf2 Nxb4 28. Bxh6 gxh6 29. Qd2 Nd5 30. Nxh6+ Kg7 31. Nf5+ Kh8 32. Nh6 Ne3 0-1

[Event "Bayern-ch Seniors 24nd"]
[Site "Bergen"]
[Date "2012.06.20"]
[Round "5"]
[White "Causevic, Ismet"]
[Black "Pape, Manfred"]
[Result "0-1"]
[WhiteElo "1825"]
[BlackElo "2084"]
[PlyCount "148"]
[EventDate "2012.06.16"]
[EventType "swiss"]
[EventRounds "9"]
[EventCountry "GER"]
[SourceTitle "EXT 2015"]
[Source "ChessBase"]
[SourceDate "2014.11.20"]
[SourceVersion "1"]
[SourceVersionDate "2014.11.20"]
[SourceQuality "1"]

1. Nf3 Nf6 2. g3 g6 3. Bg2 Bg7 4. c4 0-0 5. 0-0 d6 6. Nc3 Nc6 7. Rb1 e5 8. b4 Bf5 9. d3 h6 10. Re1 Kh7 11. Nh4 Bc8 12. b5 Nd4 13. e3 Ne6 14. Bb2 Nd7 15. Ne2 f5 16. f4 Bf6 17. Nf3 Rf7 18. Nc3 Qh8 19. Nd5 Bg7 20. Nh4 exf4 21. Bxg7 Qxg7 22. exf4 Qd4+ 23. Kh1 Ndc5 24. Re3 Qg7 25. Nf3 a6 26. b6 c6 27. Nb4 Bd7 28. Nc2 g5 29. fxg5 hxg5 30. Nfe1 f4 31. gxf4 Nxf4 32. d4 Nce6 33. Be4+ Kg8 34. Ng2 d5 35. cxd5 cxd5 36. Bf3 Nxg2 37. Bxg2 Nf4 38. Qd2 Nxg2 39. Qxg2 Bf5 40. Re5 Be4 41. Rxe4 dxe4 42. Qxe4 Qh7 43. Qg2 Qf5 44. Rg1 Qf3 45. Qxf3 Rxf3 46. Rxg5+ Kh7 47. Rg3 Rxg3 48. hxg3 Rc8 49. Ne3 Rc6 50. d5 Rxb6 51. a4 Rb3 52. Nc4 b5 53. axb5 Rxb5 54. d6 Rd5 55. Kg2 Rd4 56. d7 Rxd7 57. Kf3 Rd4 58. Nb2 a5 59. Ke3 Rg4 60. Kd2 Rxg3 61. Kc2 Kg6 62. Kb1 Kf6 63. Ka2 Rc3 64. Na4 Rh3 65. Nb2 Ke6 66. Nc4 Rh4 67. Nb2 Kd5 68. Ka3 Rd4 69. Kb3 Rb4+ 70. Kc3 Kc6 71. Nd3 Rh4 72. Kb2 Kb5 73. Ka2 Rh3 74. Nb2 Kb4 0-1

[Event "Bayern-ch Seniors 24nd"]
[Site "Bergen"]
[Date "2012.06.17"]
[Round "2"]
[White "Aigner, Georg"]
[Black "Causevic, Ismet"]
[Result "1-0"]
[WhiteElo "1894"]
[BlackElo "1825"]
[PlyCount "47"]
[EventDate "2012.06.16"]
[EventType "swiss"]
[EventRounds "9"]
[EventCountry "GER"]
[SourceTitle "EXT 2015"]
[Source "ChessBase"]
[SourceDate "2014.11.20"]
[SourceVersion "1"]
[SourceVersionDate "2014.11.20"]
[SourceQuality "1"]

1. e4 c5 2. Nf3 Nc6 3. Nc3 e6 4. d4 cxd4 5. Nxd4 a6 6. Be3 Nf6 7. Nxc6 bxc6 8. e5 Ng8 9. Bc4 Ne7 10. Bc5 Nd5 11. Bxf8 Kxf8 12. 0-0 Qc7 13. Qd4 Rb8 14. Ne4 Qb6 15. Qd3 Qxb2 16. c3 Qb6 17. Rab1 Qc7 18. Nd6 Ke7 19. Qg3 Kf8 20. Qf3 f5 21. Qh5 g6 22. Qg5 Rxb1 23. Rxb1 Kg7 24. Bxd5 1-0

[Event "Hessen-ch Seniors op 08th"]
[Site "Bad Sooden-Allendorf"]
[Date "2012.04.18"]
[Round "5"]
[White "Scholz, Werner"]
[Black "Causevic, Ismet"]
[Result "1-0"]
[WhiteElo "1751"]
[BlackElo "1974"]
[PlyCount "33"]
[EventDate "2012.04.14"]
[EventType "swiss"]
[EventRounds "9"]
[EventCountry "GER"]
[SourceTitle "EXT 2019"]
[Source "ChessBase"]
[SourceDate "2018.10.10"]
[SourceVersion "1"]
[SourceVersionDate "2018.10.10"]
[SourceQuality "1"]

1. d4 d5 2. Nf3 Nf6 3. e3 e6 4. Bd3 c6 5. Nbd2 Nbd7 6. 0-0 Be7 7. Re1 0-0 8. e4 dxe4 9. Nxe4 Nxe4 10. Rxe4 h6 11. Qe2 Nf6 12. Rh4 Nd5 13. Rg4 e5 14. Rg3 Kh8 15. Qxe5 f6 16. Qh5 f5 17. Bxh6 1-0

[Event "Hessen-ch Seniors op 08th"]
[Site "Bad Sooden-Allendorf"]
[Date "2012.04.16"]
[Round "3"]
[White "Neumann, Peter1111"]
[Black "Causevic, Ismet"]
[Result "0-1"]
[WhiteElo "1828"]
[BlackElo "1974"]
[PlyCount "70"]
[EventDate "2012.04.14"]
[EventType "swiss"]
[EventRounds "9"]
[EventCountry "GER"]
[SourceTitle "EXT 2019"]
[Source "ChessBase"]
[SourceDate "2018.10.10"]
[SourceVersion "1"]
[SourceVersionDate "2018.10.10"]
[SourceQuality "1"]

1. d4 d5 2. c4 c6 3. cxd5 cxd5 4. Nc3 Nf6 5. Bg5 e6 6. a3 a6 7. Nf3 Be7 8. h3 0-0 9. e3 b5 10. Bd3 Nbd7 11. 0-0 Bb7 12. Bf4 Rc8 13. Rc1 Nb6 14. Nd2 Bd6 15. Bxd6 Qxd6 16. Bb1 Rfe8 17. Qb3 e5 18. dxe5 Qxe5 19. Ne2 Nc4 20. Nxc4 dxc4 21. Qc3 Qg5 22. Nf4 Nh5 23. f3 Nxf4 24. exf4 Qxf4 25. Qc2 g6 26. Rcd1 Rcd8 27. Qc3 Qg5 28. Rxd8 Rxd8 29. Re1 Qg3 30. Qe3 Bxf3 31. Qf2 Qxf2+ 32. Kxf2 Bc6 33. Re7 Rd2+ 34. Re2 Rxe2+ 35. Kxe2 Bxg2 0-1

[Event "Hessen-ch Seniors op 07th"]
[Site "Bad Sooden-Allendorf"]
[Date "2011.05.08"]
[Round "9"]
[White "Causevic, Ismet"]
[Black "Haase, Wolfgang"]
[Result "0-1"]
[WhiteElo "1834"]
[BlackElo "1948"]
[PlyCount "74"]
[EventDate "2011.04.30"]
[EventType "swiss"]
[EventRounds "9"]
[EventCountry "GER"]
[SourceTitle "EXT 2012"]
[Source "ChessBase"]
[SourceDate "2011.11.24"]
[SourceVersion "1"]
[SourceVersionDate "2011.11.24"]
[SourceQuality "1"]

1. d4 g6 2. c4 f5 3. Nf3 Nf6 4. Nc3 Bg7 5. e3 0-0 6. Bd3 d6 7. 0-0 Nc6 8. a3 e5 9. dxe5 dxe5 10. e4 f4 11. Nd5 Bg4 12. Nxf6+ Rxf6 13. Be2 Rd6 14. Qa4 Bxf3 15. Bxf3 Nd4 16. Bd1 c5 17. Bf3 Nxf3+ 18. gxf3 Rd3 19. Kh1 Qh4 20. Qc2 Rad8 21. Qe2 Qh3 22. Bxf4 exf4 23. Rad1 Qd7 24. Rxd3 Qxd3 25. Re1 Be5 26. Kg2 Qb3 27. Rb1 b6 28. h3 Rd4 29. h4 Rxc4 30. Rd1 Rd4 31. Rxd4 cxd4 32. Qa6 Qf7 33. Qc8+ Kg7 34. Qg4 d3 35. Kf1 Qc7 36. h5 Bxb2 37. a4 Qd6 0-1

[Event "Bayern-ch Seniors 22nd"]
[Site "Bergen"]
[Date "2010.06.17"]
[Round "6"]
[White "Causevic, Ismet"]
[Black "Alefs, Willi"]
[Result "1-0"]
[WhiteElo "1764"]
[BlackElo "1657"]
[PlyCount "72"]
[EventDate "2010.06.12"]
[EventType "swiss"]
[EventRounds "9"]
[EventCountry "GER"]
[SourceTitle "EXT 2011"]
[Source "ChessBase"]
[SourceDate "2010.11.26"]
[SourceVersion "1"]
[SourceVersionDate "2010.11.26"]
[SourceQuality "1"]

1. d4 Nf6 2. c4 e6 3. Nc3 Bb4 4. Bd2 Nc6 5. Nf3 Ne7 6. e3 Bxc3 7. Bxc3 Ne4 8. Bb4 c5 9. dxc5 Nxc5 10. Bxc5 Qa5+ 11. b4 Qc7 12. Be2 Nf5 13. 0-0 d6 14. Bd4 0-0 15. Bb2 h5 16. Nd4 g6 17. Nb5 Qc6 18. Nd4 Qc7 19. Rc1 e5 20. Nb5 Qe7 21. e4 Nh6 22. Qxd6 Qh4 23. Qxe5 f6 24. Qg3 Qxe4 25. Bd3 Qg4 26. Bxg6 h4 27. Qxg4 Bxg4 28. h3 Bd7 29. Nc7 Rac8 30. Nd5 Kg7 31. Bh5 Rc6 32. Bf3 Rd6 33. Rfe1 Kg6 34. a3 Nf5 35. c5 Rc6 36. Nf4+ Kh6 1-0

[Event "Bayern-ch Seniors 22nd"]
[Site "Bergen"]
[Date "2010.06.16"]
[Round "5"]
[White "Huhn, Ulrich"]
[Black "Causevic, Ismet"]
[Result "1-0"]
[WhiteElo "1843"]
[BlackElo "1764"]
[PlyCount "53"]
[EventDate "2010.06.12"]
[EventType "swiss"]
[EventRounds "9"]
[EventCountry "GER"]
[SourceTitle "EXT 2011"]
[Source "ChessBase"]
[SourceDate "2010.11.26"]
[SourceVersion "1"]
[SourceVersionDate "2010.11.26"]
[SourceQuality "1"]

1. d4 d5 2. Nc3 Nf6 3. Bg5 e6 4. e4 Be7 5. exd5 exd5 6. Nf3 c6 7. Bd3 Bg4 8. h3 Bxf3 9. Qxf3 Nbd7 10. 0-0 0-0 11. Rfe1 Re8 12. Re2 Nf8 13. Rae1 Ne6 14. Be3 Nd7 15. Bxh7+ Kxh7 16. Qxf7 Ndf8 17. Bh6 Bf6 18. Bxg7 Qe7 19. Qxe7 Rxe7 20. Bxf6 Rf7 21. Rxe6 Nxe6 22. Rxe6 Raf8 23. Re7 Rxe7 24. Bxe7 Re8 25. Bg5 b5 26. Be3 a5 27. Kf1 1-0

[Event "Mecklenburg VP-ch Seniors op 09th"]
[Site "Binz"]
[Date "2009.12.09"]
[Round "9.26"]
[White "Causevic, Ismet"]
[Black "Neumann, Erwin"]
[Result "0-1"]
[WhiteElo "1726"]
[BlackElo "1809"]
[PlyCount "102"]
[EventDate "2009.12.01"]
[EventType "swiss"]
[EventRounds "9"]
[EventCountry "GER"]
[SourceTitle "EXT 2022"]
[Source "ChessBase"]
[SourceDate "2021.10.06"]
[SourceVersion "1"]
[SourceVersionDate "2021.10.06"]
[SourceQuality "1"]

1. d4 Nf6 2. c4 e6 3. Nf3 b6 4. Nc3 Bb7 5. e3 Be7 6. Bd3 d5 7. 0-0 0-0 8. b3 Nbd7 9. Bb2 c5 10. dxc5 bxc5 11. Qe2 a6 12. Rac1 Nb6 13. Rfd1 Qc7 14. cxd5 exd5 15. Bb1 Bd6 16. h3 Ne4 17. Nxe4 dxe4 18. Ng5 Rae8 19. Qg4 f5 20. Qh5 h6 21. Qg6 Bh2+ 22. Kh1 hxg5 23. g3 Bxg3 24. fxg3 Nd5 25. Rxc5 Qf7 26. Qxg5 Rd8 27. Rdc1 Rd6 28. Kh2 Rg6 29. Qh5 Rd8 30. Bd4 Qe6 31. Rf1 Rf8 32. h4 Rh6 33. Qe2 g5 34. Rg1 Qd6 35. Kg2 gxh4 36. gxh4 Rg6+ 37. Kf1 Rxg1+ 38. Kxg1 Qg3+ 39. Qg2 Qxg2+ 40. Kxg2 Kh7 41. Rc1 Kh6 42. Bc2 Rc8 43. a3 a5 44. Kf2 Ba6 45. Bb2 Ne7 46. Ke1 Ng6 47. Bf6 Rc6 48. Bg5+ Kg7 49. Kd2 Ne5 50. Bb1 Nf3+ 51. Kd1 Be2+ 0-1

[Event "Mecklenburg VP-ch Seniors op 09th"]
[Site "Binz"]
[Date "2009.12.03"]
[Round "3.42"]
[White "Causevic, Ismet"]
[Black "Garms, Ilse"]
[Result "1-0"]
[WhiteElo "1726"]
[BlackElo "1516"]
[PlyCount "113"]
[EventDate "2009.12.01"]
[EventType "swiss"]
[EventRounds "9"]
[EventCountry "GER"]
[SourceTitle "EXT 2022"]
[Source "ChessBase"]
[SourceDate "2021.10.06"]
[SourceVersion "1"]
[SourceVersionDate "2021.10.06"]
[SourceQuality "1"]

1. d4 d5 2. c4 e6 3. e3 Nf6 4. Nf3 Be7 5. Nc3 a6 6. Bd3 dxc4 7. Bxc4 b5 8. Bd3 Bb7 9. 0-0 Nbd7 10. Be2 c5 11. dxc5 Bxc5 12. a3 0-0 13. b4 Be7 14. Bb2 Rc8 15. Rc1 h6 16. Qb3 Qe8 17. Rfd1 Nb6 18. Nd2 Nbd5 19. Bf3 Ba8 20. Nce4 Rxc1 21. Rxc1 Qd8 22. Bd4 Nxe4 23. Nxe4 a5 24. Nc5 axb4 25. axb4 Qd6 26. Be2 Bc6 27. Nd3 Ra8 28. Bc5 Qd7 29. Ne5 Qe8 30. Bxe7 Nxe7 31. Nxc6 Nxc6 32. Bxb5 Qc8 33. Bxc6 Qxc6 34. Qb2 Qd6 35. h3 Rb8 36. Qb1 g6 37. Rc4 Qa6 38. Qb3 Qa1+ 39. Kh2 Qe5+ 40. f4 Qb5 41. Qc3 Rd8 42. Rc8 Rxc8 43. Qxc8+ Kg7 44. Qc3+ Kg8 45. Qa3 Kf8 46. Qa5 Qd3 47. Qc5+ Ke8 48. b5 Qd5 49. Qb6 Qd7 50. Qb8+ Qd8 51. Qa7 Qd3 52. b6 Qxe3 53. Qb8+ Ke7 54. Qc7+ Kf6 55. b7 e5 56. Qxe5+ Qxe5 57. fxe5+ 1-0

[Event "Mecklenburg VP-ch Seniors op 09th"]
[Site "Binz"]
[Date "2009.12.02"]
[Round "2.29"]
[White "Rychlik, Kurt"]
[Black "Causevic, Ismet"]
[Result "1-0"]
[WhiteElo "1900"]
[BlackElo "1726"]
[PlyCount "97"]
[EventDate "2009.12.01"]
[EventType "swiss"]
[EventRounds "9"]
[EventCountry "GER"]
[SourceTitle "EXT 2022"]
[Source "ChessBase"]
[SourceDate "2021.10.06"]
[SourceVersion "1"]
[SourceVersionDate "2021.10.06"]
[SourceQuality "1"]

1. e4 c5 2. Nc3 e6 3. g3 g6 4. Bg2 Bg7 5. d3 Nc6 6. Nf3 Nge7 7. 0-0 0-0 8. Ne2 d5 9. c3 b6 10. Bg5 Ba6 11. Qc2 Rc8 12. Rfd1 Qc7 13. Rac1 f5 14. exd5 Nxd5 15. Qa4 Bb7 16. d4 Qd6 17. c4 Nf6 18. Bf4 Qe7 19. dxc5 e5 20. Nxe5 Nxe5 21. Bxb7 Qxb7 22. Bxe5 Rxc5 23. Bd6 Ra5 24. Qb3 Re8 25. Nf4 Kh8 26. c5 Qc6 27. Qf7 bxc5 28. b4 Rb5 29. Rxc5 Rxc5 30. Bxc5 Qa4 31. Qb3 Qc6 32. Bxa7 Ne4 33. Be3 Ng5 34. Qd5 Qc2 35. Rd2 Qb1+ 36. Kg2 Ne4 37. Qd7 Rf8 38. Ne6 Rg8 39. Nxg7 Nxd2 40. Qxd2 Kxg7 41. Qd7+ Kf6 42. Bd4+ Kg5 43. h4+ Kh6 44. Be3+ g5 45. Bxg5+ Rxg5 46. hxg5+ Kxg5 47. Qg7+ Kh5 48. Qxh7+ Kg4 49. Qh4# 1-0

[Event "Bayern-ch Seniors 21st"]
[Site "Bergen"]
[Date "2009.06.25"]
[Round "6"]
[White "Kunert, Helmut"]
[Black "Causevic, Ismet"]
[Result "1-0"]
[WhiteElo "1500"]
[BlackElo "1704"]
[PlyCount "63"]
[EventDate "2009.06.20"]
[EventType "swiss"]
[EventRounds "9"]
[EventCountry "GER"]
[SourceTitle "EXT 2015"]
[Source "ChessBase"]
[SourceDate "2014.11.20"]
[SourceVersion "1"]
[SourceVersionDate "2014.11.20"]
[SourceQuality "1"]

1. e4 c5 2. Nf3 Nc6 3. c3 g6 4. Bc4 Bg7 5. d4 cxd4 6. cxd4 e6 7. d5 Ne5 8. dxe6 Nxf3+ 9. Qxf3 dxe6 10. 0-0 Bd7 11. Rd1 Qc7 12. Qb3 Ne7 13. Bg5 Nc6 14. Nc3 0-0 15. Nb5 Qb8 16. Rxd7 Na5 17. Qb4 Nxc4 18. Qxc4 Qe5 19. Be3 Qxb2 20. Bd4 Bxd4 21. Qxd4 Qxb5 22. Rd1 Rac8 23. g3 a5 24. a4 Qc6 25. Rd6 Qc2 26. Rd2 Qb3 27. Rb6 Qc4 28. Rxb7 Qc6 29. Rd7 e5 30. Qxe5 Qxa4 31. R7d5 Qa1+ 32. Qxa1 1-0

[Event "Schleswig Holstein-ch Seniors"]
[Site "Germany"]
[Date "2009.??.??"]
[Round "5"]
[White "Meiwald, Gerhard"]
[Black "Causevic, Ismet"]
[Result "1-0"]
[WhiteElo "2035"]
[BlackElo "1920"]
[PlyCount "65"]
[EventDate "2009.??.??"]
[EventType "swiss"]
[EventRounds "7"]
[EventCountry "GER"]
[SourceTitle "EXT 2011"]
[Source "ChessBase"]
[SourceDate "2010.11.26"]
[SourceVersion "1"]
[SourceVersionDate "2010.11.26"]
[SourceQuality "1"]

1. d4 d5 2. Nf3 Nf6 3. Bf4 e6 4. e3 Be7 5. Bd3 0-0 6. Nbd2 Nbd7 7. Ne5 c5 8. c3 Nxe5 9. Bxe5 c4 10. Bc2 Bd6 11. f4 Ne8 12. Qh5 g6 13. Qh6 f6 14. Bxd6 Qxd6 15. Nf3 Qe7 16. g4 Qg7 17. Qh3 b5 18. Qg3 Nd6 19. g5 Nf5 20. Bxf5 exf5 21. gxf6 Qxf6 22. Ne5 Be6 23. h4 Kh8 24. Kd2 Rg8 25. Rag1 Rg7 26. Qg5 Rf8 27. Qh6 Kg8 28. Rh2 Kh8 29. Rhg2 Rfg8 30. Rg5 Bf7 31. h5 Be8 32. hxg6 Bxg6 33. Rh1 1-0